000 00550nam a22002297a 4500
003 UA-OsUOA
001 24250
007 ta
008 20040211b un ||||| |||| 00| 0 ukr d
090 _a324(477)
_bО-93
942 _cBK
040 _aUA-OsUOA
_bukr
_cUA-OsUOA
_dUA-OsUOA
245 _aОцінка виборчої системи в Україні
_cРед. П.Малахов
300 _a65 с.
955 _a0
041 _aukr
080 _a324(477)
260 _aКиїв
_c1993
044 _aUA
650 7 _2UDC
999 _c310517
_d310517